000 00449nam a2200181Ia 4500
003 IN-BaIIA
008 211028s9999 xx 000 0 eng d
020 _a3-540-58105-7
040 _cIIA Library
080 _a523.68
_bHEI
100 _aHeide, F
_920959
245 0 _aMeteorites
_cF. Heide and F Wlotzka
260 _aBerlin
_bSpringer-Verlag
_c1995
300 _ax, 231p.
650 _aMeteorites
700 _aWlotzka, F
_920417
942 _cBK
999 _c12046
_d12046